00834njm a2200265Ia 450000100060000000300090000600500170001500800410003204000130007304000130008604100130009910000130011210000180012510000370014324500330018025000110021326000110022426000370023530000100027250000560028251100480033865000500038670000790043670000530051525613IT-RoPAU20220918181154.0131025s9999 xx 000 0 und d aIT-RoPAU cIT-RoPAU aITALIANO aAnonimo  eAutore musica gCodice autore musica SPICS: 2620 aCoro "Menegosa" di Groppallo a1a ed. aMILANO bCOMBO RECORDc1969 [1a Ed.:1969] aDISCO aMusica popolare. Canti tradizionali elaborati. Folk aCoro Menegosa diretto da Gianrico Fornasari aPOPOLARE [DISCHI]eCodice MATERIA SPICS: 9950 aCarrara M.eAutore testo e musicagCodice autore testo/musica SPICS: 27698 aMorisi LuisaeAutoregCodice autore SPICS: 27697